Cataclastic rocks /

Bibliographic Details
Main Author: Higgins, Michael W.
Format: Government Document Book
Language:English
Published: Washington : U.S. Govt. Print. Off, 1971.
Series:Geological Survey professional paper ; 687.
Subjects:

MARC

Tag First Indicator Second Indicator Subfields
LEADER 00000cam a2200000 4500
001 in00002783551
005 20150922151316.0
008 720912s1971 dcuab b 000 0 eng
010 |a  71611932  
035 |a (OCoLC)ocm00427406 
035 |a (OCoLC)427406 
040 |a DLC  |c DLC  |d OCLCQ  |d BTCTA  |d UtOrBLW 
049 |a TXAM 
050 0 0 |a QE75  |b .P9 no. 687 
051 |a QE495  |b .H54  |c Copy 2. 
082 0 0 |a 557.3/08 s  |a 552/.4 
086 0 |a I 19.16:687 
100 1 |a Higgins, Michael W. 
245 1 0 |a Cataclastic rocks /  |c by Michael W. Higgins. 
264 1 |a Washington :  |b U.S. Govt. Print. Off,  |c 1971. 
300 |a iv, 97 pages :  |b illustrations, maps. ;  |c 29 cm. 
336 |a text  |b txt  |2 rdacontent 
337 |a unmediated  |b n  |2 rdamedia 
338 |a volume  |b nc  |2 rdacarrier 
490 1 |a Geological Survey professional paper 687 
504 |a Includes bibliographies. 
650 0 |a Cataclastic rocks. 
830 0 |a Geological Survey professional paper ;  |v 687. 
948 |a cataloged  |b h  |c 2012/11/27  |d c  |e mvaldespin  |f 02:45:56 pm 
994 |a C0  |b TXA 
999 |a MARS 
999 f f |s 06441e3e-3dbb-38f9-9fff-b4ad31150d34  |i c1ececda-17a5-3f25-8976-658f30170fd4  |t 0 
952 f f |p normal  |a Texas A&M University  |b College Station  |c Sterling C. Evans Library  |d Evans: US Documents (Annex 5th floor)  |t 0  |e I 19.16:687  |h Superintendent of Documents classification  |i unmediated -- volume  |m A14828376545 
998 f f |a I 19.16:687  |t 0  |l Evans: US Documents (Annex 5th floor)